|
|
|
|
| LEADER |
00000nab a2200000 a 4500 |
| 001 |
vtls010483469 |
| 003 |
SK-MaSNL |
| 005 |
20260318114434.0 |
| 008 |
130116c20130116xo d| 000 0|hun |
| 015 |
|
|
|a SNBRB2013/01
|
| 038 |
|
|
|a DSZK
|
| 040 |
|
|
|a DSZK
|b slo
|c DSZK
|e AACR2
|
| 041 |
0 |
|
|a hun
|
| 044 |
|
|
|a xo
|c SK
|
| 080 |
|
|
|a 336.226.212.1
|2 2001
|
| 100 |
1 |
|
|a Lőrincz, Adrián,
|d 1972-
|4 aut
|9 330033
|
| 245 |
1 |
0 |
|a Több település emeli a földadót
|b a kölcsönösség elvére kellene helyezni a mezőgazdasági termelők és az önkormányzatok viszonyát
|c Lőrincz Adrián
|
| 300 |
|
|
|b Fotogr.
|
| 650 |
0 |
7 |
|a pozemková daň
|2 SNKPH
|9 2117
|
| 651 |
|
7 |
|a Dunajská Streda (Slovensko : okres)
|2 dszk
|9 145813
|
| 773 |
0 |
|
|t Új szó
|g Évf. 66, sz. 10 (2013.1.12), o. 5
|x 1335-7050
|
| 852 |
|
|
|a DSZK
|b KIS3GCP
|
| 958 |
|
|
|a HU
|
| 958 |
|
|
|a SK
|
| 999 |
|
|
|c 3306913
|d 3308843
|